| 000 | 01048nam a2200301 i 4500 | ||
|---|---|---|---|
| 001 | 13062 | ||
| 003 | ES-MaACL | ||
| 005 | 20250828080133.0 | ||
| 007 | t| | ||
| 008 | 921013s1990 sp ||||0| spa d | ||
| 016 | 7 | _zSIC92008768 | |
| 020 | _a84-87290-06-X | ||
| 040 |
_aSIC _bspa _cSIC |
||
| 080 | _a908(460.27 M.)"18" | ||
| 100 | 1 |
_aHidalgo Monteagudo, Ramón. _963596 |
|
| 245 | 1 | 0 |
_aMadrid del siglo XIX _b: el Ensanche / _cGrupo Ciudad y Educación, Ramón Hidalgo Monteagudo, Rosalía Ramos Guarido, Fidel Revilla González. |
| 260 |
_aMadrid : _bLa Librería, _cD.L. 1990. |
||
| 300 |
_a77 p : _bil ; _c21 cm. |
||
| 490 | 1 |
_aRecorridos didácticos por Madrid ; _v5 |
|
| 504 | _aBibliografía: p. 75-76. | ||
| 651 | 4 |
_aMadrid- _xDescripción- _yS.XIX. _98954 |
|
| 700 | 1 |
_aRamos Guarido, Rosalía. _995322 |
|
| 700 | 1 |
_aRevilla, Fidel. _996430 |
|
| 710 | 2 |
_aGrupo Ciudad y Educación _94505 |
|
| 830 | 0 |
_aRecorridos didácticos por Madrid ; _v5 _9179420 |
|
| 852 |
_aES-MaACL _jL-20393 _bR.123730 |
||
| 999 |
_c13062 _d13062 |
||